01651nam a2200373Ia 4500001001200000003000800012006001900020007001500039008004100054010001700095020001500112020004000127020003500167040002100202035002100223050002500244082002600269100002200295245013600317260003200453300001500485490009700500504006400597533015200661650003800813650005300851650003700904655002900941710001700970830006000987830008701047856012601134999001701260ebr10054102CaPaEBRm u cr cn|||||||||990812s2000 nyu sb 001 0 eng d z 99043812  z0203904257 z0815335970 (hardcover : alk. paper) z0815335989 (pbk. : alk. paper) aCaPaEBRcCaPaEBR a(OCoLC)55998322214aHT177.C5bZ54 2000eb04a307.3/416/09773112211 aZielenbach, Sean.14aThe art of revitalizationh[electronic resource] :bimproving conditions in distressed inner-city neighborhoods /cSean Zielenbach. aNew York :bGarland,c2000. axi, 308 p.1 aGarland reference library of social science ;vv. 1470.aContemporary urban affairs ;vv. 12 aIncludes bibliographical references (p. 279-296) and index. aElectronic reproduction.bPalo Alto, Calif. :cebrary,d2009.nAvailable via World Wide Web.nAccess may be limited to ebrary affiliated libraries. 0aUrban renewalzIllinoiszChicago. 0aCommunity development, UrbanzIllinoiszChicago. 0aInner citieszIllinoiszChicago. 7aElectronic books.2local2 aebrary, Inc. 0aGarland reference library of social science ;vv. 1470. 0aGarland reference library of social science.pContemporary urban affairs ;vv. 12.40uhttp://site.ebrary.com/lib/rucke/Doc?id=10054102zAn electronic book accessible through the World Wide Web; click to view c64605d64605